000 00959nam a22003377a 4500
001 0002263
003 KOHA_MİRAKIL
005 20260207001308.0
007 ta
008 090223b2002 tu |||gr||||#||||0|tur |
020 _a9757527076
040 _aTR-BiSEU
_btur
_cTR-BiSEU
_erda
041 0 _atur
044 _ctu
050 _aRA784
_b.B39 2002
100 1 _aBaysal, Ayşe.
245 1 _aGenel beslenme/
_cAyşe Baysal ; Ayşe Baysal.
250 _a11. bs.
264 1 _aAnkara :
_bHatiboğlu Basım ve Yayım
_c2002
300 _a278 sayfa: resimli
336 _ametin
_btxt
_2rdacontent
337 _aaracısız
_bn
_2rdamedia
338 _acilt
_bnc
_2rdacarrier
490 1 _aHatiboğlu yayınları ;
_v14.
490 1 _aDers kitabı dizisi ;
_v08
500 _aKaynakça ve dizin var.
650 0 _aBeslenme.
_91530
830 1 _aHatiboğlu yayınları ;
_v14.
_95556
830 1 _aDers kitabı dizisi ;
_v08
_96654
942 _2lcc
_cBK
999 _c2250
_d2250